Catálogo

Introducción a Gadamer / (Registro nro. 64938)

Detalles MARC
000 -LEADER
fixed length control field 01213cam a2200337 i 4500
001 - CONTROL NUMBER
control field 64938
003 - CONTROL NUMBER IDENTIFIER
control field Mx-PuUPA
005 - DATE AND TIME OF LATEST TRANSACTION
control field 20251023143017.0
008 - FIXED-LENGTH DATA ELEMENTS--GENERAL INFORMATION
fixed length control field 100607s2003 sp r 001 spa|d
020 ## - INTERNATIONAL STANDARD BOOK NUMBER
International Standard Book Number 8425422981
040 ## - CATALOGING SOURCE
Original cataloging agency Mx-PuUPA
Language of cataloging spa
Transcribing agency Mx-PuUPA
Modifying agency Mx-PuUPA
Description conventions rda
041 1# - LANGUAGE CODE
Language code of text/sound track or separate title spa
Language code of original fre
100 1# - MAIN ENTRY--PERSONAL NAME
Personal name Grondin, Jean,
Dates associated with a name 1955-
Relator term autor
9 (RLIN) 2788
240 10 - UNIFORM TITLE
Uniform title Introduction à Hans-Georg Gadamer.
Language of a work Español
245 10 - TITLE STATEMENT
Title Introducción a Gadamer /
Statement of responsibility, etc. Jean Grondin ; traducción de Constantino Ruiz-Garrido
264 #4 - PRODUCTION, PUBLICATION, DISTRIBUTION, MANUFACTURE, AND COPYRIGHT NOTICE
Place of production, publication, distribution, manufacture [España] :
Name of producer, publisher, distributor, manufacturer Herder Editorial,
Date of production, publication, distribution, manufacture, or copyright notice ©2003
300 ## - PHYSICAL DESCRIPTION
Extent 248 páginas ;
Dimensions 22 cm.
336 ## - CONTENT TYPE
Fuente rdacontent
Content type term texto
Content type code txt
337 ## - MEDIA TYPE
Source rdamedia
Media type term sin medio
Media type code n
338 ## - CARRIER TYPE
Source rdacarrier
Carrier type term volumen
Carrier type code nc
600 14 - SUBJECT ADDED ENTRY--PERSONAL NAME
Personal name Gadamer, Hans-George,
Dates associated with a name 1900-2002
General subdivision Crítica e interpretación
650 #4 - SUBJECT ADDED ENTRY--TOPICAL TERM
Topical term or geographic name entry element Humanidades
General subdivision Metodología
650 #4 - SUBJECT ADDED ENTRY--TOPICAL TERM
Topical term or geographic name entry element Hermenéutica
650 #4 - SUBJECT ADDED ENTRY--TOPICAL TERM
Topical term or geographic name entry element Filósofos alemanes
Chronological subdivision Siglo XX
700 1# - ADDED ENTRY--PERSONAL NAME
Personal name Ruiz-Garrido, Constantino,
Relator term traductor
765 18 - ORIGINAL LANGUAGE ENTRY
Main entry heading Grondin, Jean, 1955-
Title Introduction à Hans-Georg Gadamer.
942 ## - ADDED ENTRY ELEMENTS (KOHA)
Source of classification or shelving scheme Dewey Decimal Classification
Koha item type Libro
Classification part 193
Item part G873
Existencias
Withdrawn status Lost status Source of classification or shelving scheme Damaged status Not for loan Collection code Home library Current library Shelving location Date acquired Source of acquisition Total Checkouts Full call number Barcode Date last seen Price effective from Koha item type
    Dewey Decimal Classification     General Biblioteca Karol Wojtyla Biblioteca Karol Wojtyla Sala general 15/10/2019 Donación   193 G873 2003 61003 05/01/2026 03/12/2013 Libro